Statistics for S Quiz

Click here to take the quiz!

General Stats

  • This quiz has been taken 22 times
  • The average score is 10 of 15

Answer Stats

Answer% Correct
Sicily
90%
Sinatra
86%
Stallone
86%
Scrabble
86%
Springsteen
81%
Stalin
81%
Singapore
76%
Syria
76%
Stork
62%
Shanghai
52%
Salem
52%
Stewart
48%
Sparta
48%
Samoa
33%
Samurai
24%

Score Distribution

Percentile by Number Answered

Percent of People with Each Score

Your Score History

You have not taken this quiz